Fr. Conceicao Rodrigues College of Engineering

Essentials of Supply chain Management (Record no. 22483)

MARC details
000 -LEADER
fixed length control field 00351nam a2200157Ia 4500
082 ## - DEWEY DECIMAL CLASSIFICATION NUMBER
Classification number 658.7
Item number MOH
100 ## - MAIN ENTRY--PERSONAL NAME
Personal name Mohanty/R.P/ Deshmukh/S.G
245 ## - TITLE STATEMENT
Title Essentials of Supply chain Management
260 ## - PUBLICATION, DISTRIBUTION, ETC.
Name of publisher, distributor, etc. Jaico Pub
Date of publication, distribution, etc. 2004
366 ## - TRADE AVAILABILITY INFORMATION
Publishers's discount category 15
300 ## - PHYSICAL DESCRIPTION
Extent 375
546 ## - LANGUAGE NOTE
Language note ENGLISH
654 ## - SUBJECT ADDED ENTRY--FACETED TOPICAL TERMS
Focus term supply chain management
942 ## - ADDED ENTRY ELEMENTS (KOHA)
Koha item type BOOK
Holdings
Withdrawn status Lost status Damaged status Not for loan Collection Home library Current library Date acquired Cost, normal purchase price Total Checkouts Full call number Barcode Date last seen Cost, replacement price Price effective from Koha item type
        CRC Fr. Agnel's C.Rodrigues College of Engineering Fr. Agnel's C.Rodrigues College of Engineering 17/03/2023 250.75   658.7 MOH 15295 17/03/2023 295.00 17/03/2023 BOOK
        CRC Fr. Agnel's C.Rodrigues College of Engineering Fr. Agnel's C.Rodrigues College of Engineering 17/03/2023 250.75   658.7 MOH 15296 17/03/2023 295.00 17/03/2023 BOOK